000 00512nam a2200169Ia 4500
008 121023t1988 xxu||||| |||| 00| 0 sin d
041 _asin
080 _a8 S - 31
_bWEE
100 _aWeerasuriya,W. A. Rammini
245 _aබුද්ධියෙන් ඇඟවීමක් ලදිමි
246 _aBuddhiyen Agaweemak Ladimi
260 _bSri Lanka Jathika Grantha Sanwardhana Mandalaya
_c1988
300 _a102p., 21 cm
942 _cBK
999 _c70584
_d70584
003 LK-CoDNM
040 _aLK-CoDNM
_dLK-CoDNM
_eLK-CoDNM